000
00327nam a2200133Ia 4500
008
240624s9999 xx 000 0 und d
041
_a
eng
082
_a
823 MAS
100
_a
MASON EMILY
245
_a
GHOST DETECTIVES THE LOST BRIDE
260
_c
2012
_a
London
_b
Puffin Books
300
_a
211p. : cm. ; 20
365
_c
RS
_b
25
999
_c
19903
_d
19903